Directors of Jack Nicholson Movies - Statistics

General Stats
  • This quiz has been taken 76 times
  • The average score is 25 of 60
Answer Stats
Year Movie Director % Correct
2006 The Departed Martin Scorsese
95%
1980 The Shining Stanley Kubrick
89%
1975 One Flew Over the Cuckoo's Nest Miloš Forman
87%
1996 Mars Attacks! Tim Burton
87%
1989 Batman Tim Burton
87%
1974 Chinatown Roman Polanski
84%
1981 Reds Warren Beatty
69%
1994 Wolf Mike Nichols
68%
1986 Heartburn Mike Nichols
68%
1975 The Fortune Mike Nichols
68%
1971 Carnal Knowledge Mike Nichols
68%
2007 The Bucket List Rob Reiner
68%
1992 A Few Good Men Rob Reiner
68%
2010 How Do You Know James L. Brooks
65%
1997 As Good as It Gets James L. Brooks
65%
1987 Broadcast News James L. Brooks
65%
1983 Terms of Endearment James L. Brooks
65%
1963 The Raven Roger Corman
60%
1963 The Terror Roger Corman
60%
1960 The Little Shop of Horrors Roger Corman
60%
1969 Easy Rider Dennis Hopper
58%
1990 The Two Jakes Jack Nicholson
56%
1978 Goin' South Jack Nicholson
56%
1971 Drive, He Said Jack Nicholson
56%
2002 About Schmidt Alexander Payne
50%
1985 Prizzi's Honor John Huston
48%
2003 Something's Gotta Give Nancy Meyers
47%
2001 The Pledge Sean Penn
47%
1995 The Crossing Guard Sean Penn
47%
1976 The Missouri Breaks Arthur Penn
45%
1992 Hoffa Danny DeVito
44%
1987 The Witches of Eastwick George Miller
42%
1996 Blood and Wine Bob Rafelson
40%
1992 Man Trouble Bob Rafelson
40%
1981 The Postman Always Rings Twice Bob Rafelson
40%
1972 The King of Marvin Gardens Bob Rafelson
40%
1970 Five Easy Pieces Bob Rafelson
40%
1973 The Last Detail Hal Ashby
34%
1975 The Passenger Michelangelo Antonioni
23%
1966 The Shooting Monte Hellman
21%
1966 Ride in the Whirlwind Monte Hellman
21%
1964 Flight to Fury Monte Hellman
21%
1964 Back Door to Hell Monte Hellman
21%
1976 The Last Tycoon Elia Kazan
19%
1975 Tommy Ken Russell
18%
2003 Anger Management Peter Segal
11%
1982 The Border Tony Richardson
11%
1971 A Safe Place Henry Jaglom
8%
1964 Ensign Pulver Joshua Logan
8%
1968 Psych-Out Richard Rush
8%
1967 Hells Angels on Wheels Richard Rush
8%
1960 Too Soon to Love Richard Rush
8%
1996 The Evening Star Robert Harling
8%
1960 The Wild Ride Harvey Berman
6%
1987 Ironweed Héctor Babenco
6%
1960 Studs Lonigan Irving Lerner
6%
1958 The Cry Baby Killer Joe Addis
6%
1962 The Broken Land John A. Bushelman
6%
1970 The Rebel Rousers Martin B. Cohen
6%
1970 On a Clear Day You Can See Forever Vincente Minnelli
6%
No matching quizzes found
Score Distribution
Percent of People with Each Score
Percentile by Number Answered
Your Score History
You have not taken this quiz